00000000nam 2200000zi 4500
0019.952993
003CaOODSP
00520250826091524
006m     o  d f      
007cr mn|||||||||
008250708t20252025onc     o    f000 0 fre d
020 |a9780660780535
040 |aCaOODSP|bfre|erda|cCaOODSP
043 |an-cn---
045 |ay2y2
0861 |aH14-659/2025F-PDF
24500|aEnquête sur la couverture vaccinale contre les infections respiratoires saisonnières, 2024-2025 : |brapport / |cpréparé pour l'Agence de la santé publique du Canada.
264 1|a[Ottawa] : |bAgence de la santé publique du Canada = Public Health Agency of Canada, |c2025.
264 4|c©2025
300 |a1 ressource en ligne (50 pages)
336 |atexte|btxt|2rdacontent/fre
337 |ainformatique|bc|2rdamedia/fre
338 |aressource en ligne|bcr|2rdacarrier/fre
500 |aPublié aussi en anglais sous le titre : Seasonal respiratory vaccination coverage survey, 2024-2025: report.
500 |a« Numéro de contrat : CW2380590. »
500 |a« Préparé par : Léger. »
500 |a« Date de livraison : 31 mars 2025. »
500 |a« Numéro d'enregistrement : POR 069-24. »
520 |a« Léger a le plaisir de présenter à l'Agence de la santé publique du Canada (ASPC) ce rapport méthodologique d'une enquête quantitative évaluant la couverture vaccinale contre la grippe saisonnière, la COVID-19 et le virus respiratoire syncytial au sein de la population canadienne. … L'objectif principal de la recherche est de fournir des estimations de la couverture vaccinale nationale pour le vaccin contre la grippe saisonnière. Plus précisément, l'enquête sera utilisée pour : évaluer les connaissances, les attitudes et les croyances des adultes à l'égard du vaccin contre la grippe saisonnière; connaître les raisons de la vaccination ou de la non-vaccination; déterminer les lieux de vaccination (pharmacie, cabinet médical ou centre de vaccination); cerner les facteurs associés à la vaccination; mesurer la couverture du vaccin contre la COVID-19 et les attitudes à l'égard de l'administration concomitante des vaccins contre la grippe, la COVID-19 et le VRS; et évaluer les connaissances et la couverture vaccinale liées au vaccin contre le VRS. … » -- Sommaire, pages 4, 5-6.
650 6|aGrippe|xVaccination|zCanada|xOpinion publique.
650 6|aCOVID-19|xVaccination|zCanada|xOpinion publique.
650 6|aAppareil respiratoire|xInfections|xVaccination|zCanada|xOpinion publique.
650 6|aVaccins antigrippaux|zCanada|xOpinion publique.
650 6|aVaccins contre la COVID-19|zCanada|xOpinion publique.
650 6|aVaccins antiviraux|zCanada|xOpinion publique.
650 6|aOpinion publique|zCanada.
7102 |aAgence de santé publique du Canada, |eorganisme de publication.
7102 |aLéger Marketing, |econsultant.
77508|tSeasonal respiratory vaccination coverage survey, 2024-2025 : |w(CaOODSP)9.952985
85640|qPDF|s1.77 Mo|uhttps://publications.gc.ca/collections/collection_2025/aspc-phac/H14-659-2025-fra.pdf|zRapport
8564 |qHTML|sS.O.|uhttps://epe.bac-lac.gc.ca/100/200/301/pwgsc-tpsgc/por-ef/public_health_agency_canada/2025/069-24-f/index.html|zEnsemble de données complet